Antisemitism through History - Statistics

General Stats
  • This quiz has been taken 110 times
  • The average score is 11 of 16
Answer Stats
Hint Answer % Correct
This landmark event remains today as the worst event against Jews in history Holocaust
92%
In 1200s BCE, after hundreds of years enslaved, the Jews escape from here with help of 10 plagues Egypt
90%
Destroyed the Second Temple in 70 CE Roman Empire
90%
On October 7th, 2023, this group orchestrated the murder of over 1200 Jews in Israel, an event classified as the worst antisemitic event since the Holocaust Hamas
89%
This unified land's famous inquisition expelled or forced conversions of over 200,000 Jews in 1492 Spain
83%
In this country, Catherine the Great ordered the permanent relocation of Jews to the Pale of Settlement in 1791 Russia
78%
In 400s BCE, Haman/Xerxes nearly approved the annihilation of all Jews in this empire Persian Empire
76%
In 1497, this country followed the former's example Portugal
76%
Hundreds of European Jewish communities massacred or expelled due to blame for this epidemic in 1348 Black Death
75%
This group destroyed the First Temple in 586 BCE Babylonian Empire
70%
From 1100-1300 CE, these zealots destroyed many Jewish communities in Europe and the Middle East in their conquest to reclaim the holy land Crusaders
64%
In 700s BCE, Kingdom of Israel falls to this civilization Assyrian Empire
63%
These massacres against Jews swept across southern Russia, forcing many to flee in the late 1800s Pogroms
57%
The Edict of Expulsion ordered the removal of all Jews from this country in 1290 England
55%
Desecration of the Second Temple and forced conversions led to a successful revolt against this group in 100s BCE Seleucid Empire
49%
From 1648-1655, Chmielnicki incited this group to murder over 100,000 Jews, wiping out 300 communities in Poland and Ukraine Cossacks
30%
No matching quizzes found
Score Distribution
Percent of People with Each Score
Percentile by Number Answered
Your Score History
You have not taken this quiz